[Event "Koge Lang Sommer Weekend"]
[Site "Koge"]
[Date "2020.07.26"]
[Round "7"]
[White "Gade, Jens"]
[Black "Andersen, Daniel"]
[Result "0-1"]
[WhiteElo "1502"]
[BlackElo "1747"]
[PlyCount "68"]
[EventDate "2020.07.22"]
[EventType "swiss"]
[EventRounds "7"]
[EventCountry "DEN"]
[SourceTitle "EXT 2021"]
[Source "ChessBase"]
[SourceDate "2020.10.23"]
[SourceVersion "1"]
[SourceVersionDate "2020.10.23"]
[SourceQuality "1"]

1. d4 Nf6 2. c4 g6 3. Nc3 d5 4. e3 Bg7 5. Nf3 0-0 6. Be2 dxc4 7. Bxc4 c5 8. 0-0 Nc6 9. dxc5 Qa5 10. Qb3 Qxc5 11. Qb5 Qd6 12. Rd1 Qc7 13. Bd2 Bd7 14. Bb3 Nd4 15. Qc4 Nxf3+ 16. gxf3 Qe5 17. Qf1 Bc6 18. e4 e6 19. Qg2 Qh5 20. Bf4 Nd7 21. Rac1 Ne5 22. Bxe5 Bxe5 23. h3 Bf4 24. Rc2 Rad8 25. Qg4 Qe5 26. Rxd8 Rxd8 27. Ne2 Bh6 28. Qg3 Qa5 29. Qh4 Bg5 30. Qg4 h5 31. Qg3 Bh6 32. Nf4 Qe1+ 33. Kh2 Rd1 34. Qg2 Bxf4+ 0-1

[Event "Koge Lang Sommer Weekend"]
[Site "Koge"]
[Date "2020.07.25"]
[Round "5"]
[White "Nielsen, Angelo"]
[Black "Andersen, Daniel"]
[Result "1-0"]
[WhiteElo "1717"]
[BlackElo "1747"]
[PlyCount "131"]
[EventDate "2020.07.22"]
[EventType "swiss"]
[EventRounds "7"]
[EventCountry "DEN"]
[SourceTitle "EXT 2021"]
[Source "ChessBase"]
[SourceDate "2020.10.23"]
[SourceVersion "1"]
[SourceVersionDate "2020.10.23"]
[SourceQuality "1"]

1. d4 Nf6 2. Nc3 d5 3. Bg5 Nbd7 4. Nf3 g6 5. e3 Bg7 6. Bd3 0-0 7. e4 dxe4 8. Nxe4 Nxe4 9. Bxe4 Nf6 10. Bd3 c5 11. dxc5 Qa5+ 12. Qd2 Qxc5 13. 0-0 Bg4 14. Qe3 Qb4 15. Rab1 Rfe8 16. a3 Qa5 17. Bc4 Qc7 18. Bb3 e5 19. Bh6 Bxf3 20. Bxg7 Kxg7 21. Qxf3 Rad8 22. h3 a6 23. Rbd1 e4 24. Qe2 Qe5 25. Rxd8 Rxd8 26. Qc4 Rd7 27. c3 Rc7 28. Qe2 Nh5 29. Rd1 Nf4 30. Qe3 Re7 31. Bc4 b5 32. Bf1 f5 33. g3 Ne6 34. f4 Qc7 35. h4 h6 36. c4 bxc4 37. Qc3+ Kh7 38. Bxc4 Nxf4 39. gxf4 Qxf4 40. Bg8+ Kxg8 41. Rd8+ Kf7 42. Qc4+ Re6 43. Rd7+ Kf6 44. Qc3+ Qe5 45. Qb3 f4 46. Qb4 Kf5 47. Qd2 f3 48. Rd5 e3 49. Qd3+ Kf4 50. Rxe5 Rxe5 51. Qd4+ Kf5 52. Qd7+ Kf4 53. Qf7+ Kg3 54. Qxg6+ Kh3 55. Qd3 Kg3 56. Qg6+ Kh3 57. Qd3 f2+ 58. Kf1 Kh2 59. Qe2 Re4 60. b4 Kg3 61. h5 Kf4 62. Qxa6 Rd4 63. Qxh6+ Ke4 64. Qg6+ Kf3 65. Qf5+ Kg3 66. Qe5+ 1-0

[Event "Hillerod 100th Ann op"]
[Site "Hillerod"]
[Date "2020.02.08"]
[Round "1"]
[White "Jacobsen, Mikkel Manosri"]
[Black "Andersen, Daniel"]
[Result "1-0"]
[WhiteElo "2315"]
[BlackElo "1806"]
[PlyCount "55"]
[EventDate "2020.02.08"]
[EventType "swiss"]
[EventRounds "9"]
[EventCountry "DEN"]
[SourceTitle "CBM 194 Extra"]
[Source "ChessBase"]
[SourceDate "2020.03.31"]
[SourceVersion "1"]
[SourceVersionDate "2020.03.31"]
[SourceQuality "1"]

1. d4 Nf6 2. c4 g6 3. h4 h5 4. Nc3 d5 5. Bg5 dxc4 6. e4 Bg7 7. Bxc4 0-0 8. Nge2 c5 9. d5 Nbd7 10. Bb3 a6 11. f4 Ng4 12. d6 Bf6 13. e5 Bxg5 14. hxg5 exd6 15. Qxd6 Qb6 16. Qxb6 Nxb6 17. Ne4 c4 18. Bc2 Ne3 19. Nf6+ Kg7 20. Be4 Bf5 21. Bxf5 Nxf5 22. g4 Ne3 23. gxh5 Nc2+ 24. Kf2 Nxa1 25. h6+ Kh8 26. f5 Nc2 27. Nf4 Rg8 28. e6 1-0

[Event "Copenhagen GoAudit op"]
[Site "Copenhagen"]
[Date "2019.11.10"]
[Round "8"]
[White "Andersen, Daniel"]
[Black "Vedant, Kumar Saravana"]
[Result "0-1"]
[WhiteElo "1793"]
[BlackElo "1841"]
[PlyCount "68"]
[EventDate "2019.11.08"]
[EventType "swiss"]
[EventRounds "8"]
[EventCountry "DEN"]
[SourceTitle "EXT 2021"]
[Source "ChessBase"]
[SourceDate "2020.10.23"]
[SourceVersion "1"]
[SourceVersionDate "2020.10.23"]
[SourceQuality "1"]

1. c4 e5 2. Nc3 Nf6 3. Nf3 Nc6 4. e4 Bc5 5. Nxe5 Nxe5 6. d4 Bxd4 7. Qxd4 Nc6 8. Qd2 d6 9. Be2 0-0 10. 0-0 Re8 11. f3 Be6 12. b3 Nb8 13. Bb2 c6 14. Rad1 Qb6+ 15. Kh1 Rd8 16. Qg5 h6 17. Qh4 Qc7 18. f4 Na6 19. Bf3 Nc5 20. g4 Nh7 21. g5 hxg5 22. fxg5 Qe7 23. Bc1 Nd7 24. Bg4 Ne5 25. Bxe6 Qxe6 26. Rf5 Ng6 27. Qf2 Rac8 28. h4 Ne7 29. Rf3 d5 30. Rfd3 d4 31. Rxd4 Rxd4 32. Rxd4 Qh3+ 33. Qh2 Qxc3 34. Bb2 Qe1+ 0-1

[Event "Hillerod Vinhuset Stoltz op"]
[Site "Hillerod"]
[Date "2019.10.22"]
[Round "7"]
[White "Vedant, Kumar Saravana"]
[Black "Andersen, Daniel"]
[Result "1-0"]
[WhiteElo "1831"]
[BlackElo "1824"]
[PlyCount "81"]
[EventDate "2019.09.24"]
[EventType "swiss"]
[EventRounds "7"]
[EventCountry "DEN"]
[SourceTitle "EXT 2021"]
[Source "ChessBase"]
[SourceDate "2020.10.23"]
[SourceVersion "1"]
[SourceVersionDate "2020.10.23"]
[SourceQuality "1"]

1. e4 e6 2. d4 d5 3. e5 c5 4. c3 Nc6 5. Nf3 Qb6 6. Be2 cxd4 7. cxd4 Nge7 8. Na3 Nf5 9. Nc2 Be7 10. 0-0 0-0 11. Bd3 Bd7 12. Rb1 Nb4 13. Bxf5 exf5 14. Ne3 f4 15. Nc2 Bf5 16. Nxb4 Bxb1 17. Nxd5 Qe6 18. Nc7 Qxa2 19. Nxa8 Rxa8 20. Bxf4 Be4 21. Nd2 Bd3 22. Qa1 Qd5 23. Rc1 Qxd4 24. Bg3 Qb6 25. Rc3 Bb5 26. Ne4 Bc6 27. Nd6 Qd4 28. Nf5 Qd7 29. Nxe7+ Qxe7 30. h3 Qb4 31. Qc1 Rd8 32. Kh2 Qe4 33. f3 Qd4 34. Bf4 a5 35. Qe3 Qd5 36. Rc2 Rc8 37. Rd2 Qc4 38. Rd4 Qa2 39. Bh6 Qe6 40. Qg5 g6 41. Rd6 1-0

[Event "Hillerod Vinhuset Stoltz op"]
[Site "Hillerod"]
[Date "2019.10.15"]
[Round "6"]
[White "Andersen, Daniel"]
[Black "Rabjerg, Hans Rasmus"]
[Result "1-0"]
[WhiteElo "1824"]
[BlackElo "1625"]
[PlyCount "59"]
[EventDate "2019.09.24"]
[EventType "swiss"]
[EventRounds "7"]
[EventCountry "DEN"]
[SourceTitle "EXT 2021"]
[Source "ChessBase"]
[SourceDate "2020.10.23"]
[SourceVersion "1"]
[SourceVersionDate "2020.10.23"]
[SourceQuality "1"]

1. c4 e5 2. Nc3 Bb4 3. Nd5 Be7 4. Nxe7 Qxe7 5. d3 Nf6 6. Nf3 0-0 7. g3 Nc6 8. Bg2 d6 9. 0-0 h6 10. Rb1 a5 11. b3 Be6 12. a3 d5 13. cxd5 Nxd5 14. Bb2 f6 15. Qc2 Qd7 16. Rfd1 Bh3 17. Bh1 Rac8 18. e4 Nf4 19. d4 Qg4 20. Re1 exd4 21. Nxd4 Ne5 22. f3 Qd7 23. gxf4 c5 24. Ne2 Nf7 25. Red1 Qc6 26. Qc4 Be6 27. Qd3 Rc7 28. f5 Bc8 29. Nf4 Qb6 30. Nd5 1-0

[Event "Hillerod Vinhuset Stoltz op"]
[Site "Hillerod"]
[Date "2019.09.24"]
[Round "3"]
[White "Lavrsen, Frands Winther"]
[Black "Andersen, Daniel"]
[Result "1-0"]
[WhiteElo "1848"]
[BlackElo "1824"]
[PlyCount "71"]
[EventDate "2019.09.24"]
[EventType "swiss"]
[EventRounds "7"]
[EventCountry "DEN"]
[SourceTitle "EXT 2021"]
[Source "ChessBase"]
[SourceDate "2020.10.23"]
[SourceVersion "1"]
[SourceVersionDate "2020.10.23"]
[SourceQuality "1"]

1. f4 Nf6 2. Nf3 g6 3. g3 Bg7 4. Bg2 0-0 5. d3 d6 6. 0-0 c6 7. e3 Nbd7 8. d4 Qc7 9. c4 e5 10. Nc3 e4 11. Ng5 d5 12. b3 h6 13. Nh3 Nb6 14. Ba3 Re8 15. cxd5 Nbxd5 16. Nxd5 Nxd5 17. Qd2 a5 18. Nf2 f5 19. Rfc1 a4 20. Bf1 Be6 21. Nd1 axb3 22. axb3 Qa5 23. b4 Qb6 24. Nb2 Bf8 25. Nc4 Qd8 26. Rcb1 Nc7 27. Nb6 Ra7 28. Bb2 Rxa1 29. Rxa1 Nb5 30. Ra8 Qe7 31. Rxe8 Qxe8 32. Bxb5 cxb5 33. d5 Qd8 34. Qd4 Bd7 35. Qh8+ Kf7 36. Qh7+ 1-0

[Event "Helsingor Xtracon op"]
[Site "Helsingor"]
[Date "2019.07.21"]
[Round "2"]
[White "Andersen, Daniel"]
[Black "Shehzad, Alisha"]
[Result "1-0"]
[WhiteElo "1864"]
[BlackElo "1637"]
[PlyCount "81"]
[EventDate "2019.07.20"]
[EventType "swiss"]
[EventRounds "10"]
[EventCountry "DEN"]
[SourceTitle "CBM 191 Extra"]
[Source "ChessBase"]
[SourceDate "2019.09.30"]
[SourceVersion "1"]
[SourceVersionDate "2019.09.30"]
[SourceQuality "1"]

1. c4 c5 2. Nf3 Nc6 3. Nc3 g6 4. d4 d6 5. d5 Na5 6. e4 Bg7 7. Rb1 Nf6 8. a3 b6 9. b4 cxb4 10. axb4 Nb7 11. Be2 0-0 12. 0-0 Bg4 13. Nd4 Bd7 14. Nc6 Qe8 15. b5 Nc5 16. Bd3 a6 17. f4 Bxc6 18. bxc6 Qd8 19. Re1 Qc7 20. h3 e6 21. Na4 Rfb8 22. Bb2 exd5 23. Nxc5 bxc5 24. cxd5 Rb6 25. Bc3 Rxb1 26. Qxb1 Rb8 27. Qa2 Nh5 28. Bxg7 Kxg7 29. Rf1 Kg8 30. Qxa6 Rb6 31. Qa1 Rb4 32. Qc1 Ng3 33. Re1 h5 34. e5 Rd4 35. Bc4 Ne4 36. Qc2 Ng3 37. e6 Nf5 38. Qe2 fxe6 39. Qxe6+ Kg7 40. Qd7+ Qxd7 41. cxd7 1-0

[Event "Copenhagen Challenge"]
[Site "Ballerup"]
[Date "2019.05.19"]
[Round "8"]
[White "Andersen, Daniel"]
[Black "Hentley, Darryl"]
[Result "1-0"]
[WhiteElo "1862"]
[BlackElo "1529"]
[PlyCount "83"]
[EventDate "2019.05.15"]
[EventType "swiss"]
[EventRounds "9"]
[EventCountry "DEN"]
[SourceTitle "CBM 190 Extra"]
[Source "ChessBase"]
[SourceDate "2019.07.15"]
[SourceVersion "1"]
[SourceVersionDate "2019.07.15"]
[SourceQuality "1"]

1. d4 d5 2. c4 Nf6 3. cxd5 g6 4. f3 e6 5. dxe6 Bxe6 6. e4 Bd7 7. Nc3 a6 8. Bd3 Nc6 9. Nge2 Bb4 10. Bg5 h6 11. Bh4 g5 12. Bf2 Nh5 13. Qd2 Qe7 14. g4 Ng7 15. 0-0-0 0-0-0 16. a3 Ba5 17. Qc2 Qf6 18. b4 Bb6 19. Nd5 Qxf3 20. Nxb6+ Kb8 21. Nxd7+ Rxd7 22. Rhf1 Qxg4 23. b5 axb5 24. Bxb5 Rd6 25. e5 Rg6 26. Bg3 Nd8 27. d5 Rb6 28. Bc4 Nh5 29. Bf2 Rg6 30. Bd3 Rgg8 31. Be4 Nf4 32. Nxf4 Qxf4+ 33. Kb1 Qg4 34. Bf5 Qh5 35. e6 fxe6 36. dxe6 Nc6 37. Bd4 Nxd4 38. Rxd4 Qe8 39. Rd7 c6 40. Rfd1 Qh5 41. Qb2 Qf3 42. Qxb7# 1-0

[Event "Copenhagen Challenge"]
[Site "Ballerup"]
[Date "2019.05.17"]
[Round "4"]
[White "Unneland, Mathias"]
[Black "Andersen, Daniel"]
[Result "1-0"]
[WhiteElo "2009"]
[BlackElo "1862"]
[PlyCount "49"]
[EventDate "2019.05.15"]
[EventType "swiss"]
[EventRounds "9"]
[EventCountry "DEN"]
[SourceTitle "CBM 190 Extra"]
[Source "ChessBase"]
[SourceDate "2019.07.15"]
[SourceVersion "1"]
[SourceVersionDate "2019.07.15"]
[SourceQuality "1"]

1. d4 Nf6 2. c4 g6 3. Nc3 d5 4. Bf4 Bg7 5. e3 c5 6. dxc5 Qa5 7. Rc1 dxc4 8. Bxc4 Qxc5 9. Bb3 0-0 10. Nf3 Nc6 11. 0-0 Qa5 12. Nd2 Rd8 13. Qe2 e5 14. Bg5 Bf5 15. Nc4 Qb4 16. Rfd1 Be6 17. h3 a5 18. Qf3 Rxd1+ 19. Bxd1 Nd7 20. b3 f6 21. Bh4 g5 22. Bg3 Qc5 23. Bc2 Rd8 24. Ne4 Bd5 25. Nxc5 1-0

[Event "Koge Weekend Mester"]
[Site "Koge"]
[Date "2019.05.05"]
[Round "4"]
[White "Stuhr, Finn"]
[Black "Andersen, Daniel"]
[Result "0-1"]
[WhiteElo "1686"]
[BlackElo "1862"]
[PlyCount "94"]
[EventDate "2019.05.03"]
[EventType "swiss"]
[EventRounds "5"]
[EventCountry "DEN"]
[SourceTitle "EXT 2020"]
[Source "ChessBase"]
[SourceDate "2019.10.17"]
[SourceVersion "1"]
[SourceVersionDate "2019.10.17"]
[SourceQuality "1"]

1. e4 e6 2. d4 d5 3. e5 c5 4. c3 Nc6 5. Nf3 Qb6 6. a3 c4 7. Qc2 Bd7 8. Be3 0-0-0 9. Ng5 Nh6 10. Nxh7 Be7 11. Ng5 f6 12. Nf3 Nf5 13. Bf4 Nfxd4 14. cxd4 Nxd4 15. Nxd4 Qxd4 16. Qd2 fxe5 17. Be3 Qxd2+ 18. Bxd2 Kb8 19. Nc3 b5 20. Rb1 a5 21. b3 d4 22. Nxb5 c3 23. Nxc3 Bxa3 24. Ne4 Bb4 25. Bxb4 axb4 26. Nc5 Bc6 27. Na6+ Kb7 28. Nxb4 Be4 29. Nd3 Rc8 30. Rc1 Bxd3 31. Rxc8 Rxc8 32. Bxd3 Rc1+ 33. Ke2 Rxh1 34. h3 Kc6 35. Bc4 Kd6 36. f3 Rb1 37. g3 Rb2+ 38. Kf1 Kc5 39. Bxe6 Kb4 40. Bc4 Rxb3 41. Be2 Kc3 42. Ke1 Rb1+ 43. Bd1 Kd3 44. h4 Ke3 45. g4 d3 46. g5 d2+ 47. Kf1 Rxd1+ 0-1

[Event "Koge Weekend Mester"]
[Site "Koge"]
[Date "2019.05.04"]
[Round "3"]
[White "Andersen, Daniel"]
[Black "Vedant, Kumar Saravana"]
[Result "1-0"]
[WhiteElo "1862"]
[BlackElo "1845"]
[PlyCount "93"]
[EventDate "2019.05.03"]
[EventType "swiss"]
[EventRounds "5"]
[EventCountry "DEN"]
[SourceTitle "EXT 2020"]
[Source "ChessBase"]
[SourceDate "2019.10.17"]
[SourceVersion "1"]
[SourceVersionDate "2019.10.17"]
[SourceQuality "1"]

1. c4 e5 2. Nc3 Nf6 3. Nf3 Nc6 4. e4 Bc5 5. Nxe5 Nxe5 6. d4 Bxd4 7. Qxd4 d6 8. Bg5 h6 9. Bxf6 Qxf6 10. 0-0-0 Be6 11. Nd5 Bxd5 12. cxd5 0-0 13. Kb1 Ng4 14. Qxf6 Nxf6 15. f3 Nd7 16. Rc1 Rac8 17. g3 f5 18. exf5 Rxf5 19. Bh3 Rf7 20. Be6 Kf8 21. Bxf7 Kxf7 22. Rhe1 Ne5 23. Rc3 Kf6 24. f4 Nd7 25. Re6+ Kf7 26. Re2 Nf6 27. Rd3 Nd7 28. b4 Nb6 29. Kb2 Nc4+ 30. Kb3 Nb6 31. a4 Nd7 32. Rc3 Nf6 33. Kc4 Nd7 34. Kd4 Nf6 35. Rec2 Ne8 36. g4 g6 37. Rf2 Nf6 38. h3 Nd7 39. Re2 Nf6 40. Rce3 Ng8 41. Rf3 Rd8 42. f5 g5 43. Rc3 Rc8 44. Rec2 c6 45. dxc6 bxc6 46. Rxc6 Rxc6 47. Rxc6 1-0

[Event "Koge Weekend Mester"]
[Site "Koge"]
[Date "2019.05.03"]
[Round "1"]
[White "Lilja, Richard"]
[Black "Andersen, Daniel"]
[Result "1-0"]
[WhiteElo "2103"]
[BlackElo "1862"]
[PlyCount "73"]
[EventDate "2019.05.03"]
[EventType "swiss"]
[EventRounds "5"]
[EventCountry "DEN"]
[SourceTitle "EXT 2020"]
[Source "ChessBase"]
[SourceDate "2019.10.17"]
[SourceVersion "1"]
[SourceVersionDate "2019.10.17"]
[SourceQuality "1"]

1. e4 e6 2. d3 d5 3. Nd2 Nf6 4. Ngf3 c5 5. g3 Nc6 6. Bg2 Be7 7. 0-0 0-0 8. Re1 b5 9. e5 Nd7 10. Nf1 Qc7 11. Bf4 Bb7 12. h4 Rfc8 13. c3 d4 14. a3 Nb6 15. Rc1 dxc3 16. bxc3 c4 17. d4 Bxa3 18. Rb1 Nd5 19. Ng5 Nxf4 20. gxf4 h6 21. Ne4 a6 22. Re3 Ne7 23. Ra1 b4 24. cxb4 Bxb4 25. Nd6 Bxg2 26. Nxc8 Qxc8 27. Kxg2 Nd5 28. Rf3 Qc6 29. Kh2 a5 30. Rg3 Ne7 31. Ne3 g6 32. h5 c3 33. Qc2 Kh7 34. Rag1 Rg8 35. hxg6+ fxg6 36. Ng4 Nd5 37. Nxh6 1-0

[Event "Taastrup Quick Weekend 28th B"]
[Site "Taastrup"]
[Date "2018.11.10"]
[Round "4"]
[White "Andersen, Daniel"]
[Black "Liu, Casper Yukun"]
[Result "1-0"]
[WhiteElo "1954"]
[BlackElo "2081"]
[PlyCount "97"]
[EventDate "2018.11.09"]
[EventType "tourn"]
[EventRounds "5"]
[EventCountry "DEN"]
[SourceTitle "CBM 189 Extra"]
[Source "ChessBase"]
[SourceDate "2019.05.31"]
[SourceVersion "1"]
[SourceVersionDate "2019.05.31"]
[SourceQuality "1"]

1. c4 Nf6 2. Nc3 d6 3. d4 g6 4. e4 Bg7 5. f3 0-0 6. Be3 Nbd7 7. Qd2 c5 8. Nge2 cxd4 9. Nxd4 Ne5 10. h3 Bd7 11. f4 Nc6 12. Be2 Rc8 13. 0-0 Qa5 14. Nxc6 Bxc6 15. Nd5 Qd8 16. Bf3 Nxe4 17. Bxe4 e6 18. Rab1 exd5 19. Bxd5 b6 20. Bxc6 Rxc6 21. b3 Qf6 22. Rbd1 Rfc8 23. a4 a6 24. Bd4 Qf5 25. Bxg7 Kxg7 26. Qd3 Qc5+ 27. Kh1 Re8 28. Rfe1 Rcc8 29. f5 Kg8 30. f6 Re5 31. Qd2 Rce8 32. Rxe5 dxe5 33. Qh6 Qf8 34. Qxf8+ Rxf8 35. Rd6 Rb8 36. Kg1 h5 37. Kf2 g5 38. Rd7 Kh7 39. Rxf7+ Kg6 40. Ra7 a5 41. f7 Rf8 42. Ke3 Rxf7 43. Ra6 Rf6 44. Ke4 g4 45. Kxe5 Kg5 46. h4+ Kg6 47. c5 Rf5+ 48. Kd4 Rf2 49. cxb6 1-0

[Event "Taastrup Quick Weekend 28th B"]
[Site "Taastrup"]
[Date "2018.11.10"]
[Round "3"]
[White "Koch Mueller, Oscar"]
[Black "Andersen, Daniel"]
[Result "0-1"]
[WhiteElo "1939"]
[BlackElo "1954"]
[PlyCount "124"]
[EventDate "2018.11.09"]
[EventType "tourn"]
[EventRounds "5"]
[EventCountry "DEN"]
[SourceTitle "CBM 189 Extra"]
[Source "ChessBase"]
[SourceDate "2019.05.31"]
[SourceVersion "1"]
[SourceVersionDate "2019.05.31"]
[SourceQuality "1"]

1. c4 Nf6 2. Nc3 d5 3. cxd5 Nxd5 4. g3 g6 5. Bg2 Nxc3 6. bxc3 c5 7. Rb1 Qc7 8. d4 Bg7 9. e3 Nc6 10. Ne2 cxd4 11. cxd4 0-0 12. 0-0 Na5 13. Bd2 Nc4 14. Qc2 Rb8 15. Bd5 b5 16. Bxc4 bxc4 17. Ba5 Qd6 18. Rxb8 Qxb8 19. Qxc4 Qb2 20. Nc3 Be6 21. Qa6 Rc8 22. Nd5 Bf8 23. Nf4 Bd7 24. Qxa7 Bb5 25. Qb7 Rc2 26. Rd1 Rxf2 27. Rd2 Rxd2 28. Bxd2 Qxd2 29. Qxb5 Qxe3+ 30. Kg2 Qd2+ 31. Qe2 Qxd4 32. Qd3 Qxd3 33. Nxd3 f6 34. Nc5 e5 35. Nd7 Kf7 36. a4 Bb4 37. Nb6 Ke6 38. Kf3 f5 39. h4 e4+ 40. Ke2 Kd6 41. Nc4+ Kd5 42. Ne3+ Kd4 43. h5 Bd6 44. Nf1 g5 45. a5 f4 46. gxf4 gxf4 47. Nd2 h6 48. a6 Bb8 49. Nb3+ Kc4 50. Nd2+ Kd5 51. Nb3 f3+ 52. Kd2 Ba7 53. Nc1 Kc4 54. Na2 Kb3 55. Nc1+ Kb2 56. Ne2 fxe2 57. Kxe2 Kc3 58. Kd1 Kd3 59. Ke1 e3 60. Kd1 Bb8 61. Ke1 e2 62. a7 Bg3# 0-1

[Event "Taastrup Quick Weekend 28th B"]
[Site "Taastrup"]
[Date "2018.11.09"]
[Round "1"]
[White "Jorgensen, Dennis"]
[Black "Andersen, Daniel"]
[Result "0-1"]
[WhiteElo "2119"]
[BlackElo "1954"]
[PlyCount "90"]
[EventDate "2018.11.09"]
[EventType "tourn"]
[EventRounds "5"]
[EventCountry "DEN"]
[SourceTitle "CBM 189 Extra"]
[Source "ChessBase"]
[SourceDate "2019.05.31"]
[SourceVersion "1"]
[SourceVersionDate "2019.05.31"]
[SourceQuality "1"]

1. Nf3 Nf6 2. d4 g6 3. g3 d5 4. Bg2 Bg7 5. 0-0 0-0 6. c4 dxc4 7. Na3 c3 8. bxc3 c5 9. Re1 Nc6 10. e4 cxd4 11. cxd4 Bg4 12. Nc2 Qa5 13. h3 Bd7 14. Ba3 Rfe8 15. d5 Nd8 16. Bb4 Qa4 17. Nfd4 e5 18. Nb3 b6 19. Qd2 Nb7 20. Ba3 Rec8 21. Be7 Ne8 22. Nb4 a5 23. Nd3 Ned6 24. Bg5 Rc7 25. Nb2 Qa3 26. Be3 b5 27. Bb6 Rcc8 28. Bf1 a4 29. Nc1 Qc3 30. Qxc3 Rxc3 31. Ncd3 Rac8 32. Nd1 Ra3 33. Nb4 Nc4 34. Nc2 Rf3 35. Bxc4 Rxc4 36. Re3 Rf6 37. Na3 Rc8 38. Ba7 Ra6 39. Rb1 Rxa7 40. Nxb5 Bxb5 41. Rxb5 Nd6 42. Rb1 Rc2 43. Rb8+ Bf8 44. Nb2 a3 45. Nd3 Rxa2 0-1

[Event "Helsingor Xtracon op"]
[Site "Helsingor"]
[Date "2018.07.26"]
[Round "7"]
[White "Schwerteck, Michael"]
[Black "Andersen, Daniel"]
[Result "1-0"]
[WhiteElo "2115"]
[BlackElo "1917"]
[PlyCount "37"]
[EventDate "2018.07.21"]
[EventType "swiss"]
[EventRounds "10"]
[EventCountry "DEN"]
[SourceTitle "CBM 185 Extra"]
[Source "ChessBase"]
[SourceDate "2018.07.29"]
[SourceVersion "1"]
[SourceVersionDate "2018.07.29"]
[SourceQuality "1"]

1. e4 e6 2. d4 d5 3. Nd2 c5 4. exd5 Qxd5 5. Ngf3 cxd4 6. Bc4 Qd6 7. 0-0 Nf6 8. Nb3 Nc6 9. Nbxd4 Nxd4 10. Nxd4 a6 11. Re1 Qc7 12. Bf1 Bd6 13. Nf5 Bxh2+ 14. Kh1 0-0 15. Nxg7 Kxg7 16. Qd4 Bd6 17. Bh6+ Kg6 18. Bd3+ Ne4 19. Qg7+ 1-0

[Event "Helsingor Xtracon op"]
[Site "Helsingor"]
[Date "2018.07.25"]
[Round "6"]
[White "Andersen, Daniel"]
[Black "Jorgensen, Alexander Torp"]
[Result "1-0"]
[WhiteElo "1917"]
[BlackElo "1803"]
[PlyCount "103"]
[EventDate "2018.07.21"]
[EventType "swiss"]
[EventRounds "10"]
[EventCountry "DEN"]
[SourceTitle "CBM 185 Extra"]
[Source "ChessBase"]
[SourceDate "2018.07.29"]
[SourceVersion "1"]
[SourceVersionDate "2018.07.29"]
[SourceQuality "1"]

1. d4 Nf6 2. c4 b6 3. f3 Bb7 4. e4 e6 5. Be3 d5 6. cxd5 exd5 7. e5 Nfd7 8. f4 Bb4+ 9. Nc3 Qe7 10. Nf3 f6 11. a3 Bxc3+ 12. bxc3 fxe5 13. fxe5 0-0 14. Bd3 c5 15. 0-0 Ba6 16. Bxa6 Nxa6 17. dxc5 Naxc5 18. Qxd5+ Kh8 19. Rad1 Rfe8 20. Bd4 Rad8 21. Rfe1 Na4 22. Qb3 Ndc5 23. Qb4 Qe6 24. Qb1 Qc4 25. Ng5 g6 26. Ne4 Nxe4 27. Qxe4 Nxc3 28. e6+ Kg8 29. Qe5 Rxd4 30. Rxd4 Qb5 31. Qe3 Qc5 32. Rd3 Qxe3+ 33. Rexe3 Nb5 34. a4 Nc7 35. Rd7 Rxe6 36. Rxe6 Nxe6 37. Rxa7 h5 38. Kf2 Kf8 39. Ke3 Ke8 40. Ke4 Kd8 41. Kd5 Nf4+ 42. Kc6 Nxg2 43. Kxb6 Nf4 44. a5 Nd5+ 45. Kc6 Ne7+ 46. Rxe7 Kxe7 47. a6 Kf6 48. a7 Kf5 49. a8Q g5 50. Qa4 g4 51. Qc2+ Kf4 52. Qe2 1-0

[Event "Helsingor Xtracon op"]
[Site "Helsingor"]
[Date "2018.07.22"]
[Round "3"]
[White "Gottstein, Claudius Thomas"]
[Black "Andersen, Daniel"]
[Result "1-0"]
[WhiteElo "2190"]
[BlackElo "1917"]
[PlyCount "23"]
[EventDate "2018.07.21"]
[EventType "swiss"]
[EventRounds "10"]
[EventCountry "DEN"]
[SourceTitle "CBM 185 Extra"]
[Source "ChessBase"]
[SourceDate "2018.07.29"]
[SourceVersion "1"]
[SourceVersionDate "2018.07.29"]
[SourceQuality "1"]

1. e4 e6 2. d4 d5 3. Bd3 c5 4. exd5 Qxd5 5. Nc3 Qxd4 6. Nb5 Qd8 7. Bf4 Na6 8. Qe2 Nf6 9. 0-0-0 Bd7 10. Bc4 Qa5 11. Nf3 Nd5 12. Rxd5 1-0

[Event "Copenhagen Challenge"]
[Site "Ballerup"]
[Date "2018.04.27"]
[Round "5"]
[White "Andersen, Daniel"]
[Black "Brynell, Stellan"]
[Result "0-1"]
[WhiteElo "1810"]
[BlackElo "2420"]
[PlyCount "62"]
[EventDate "2018.04.25"]
[EventType "swiss"]
[EventRounds "9"]
[EventCountry "DEN"]
[SourceTitle "CBM 184 Extra"]
[Source "ChessBase"]
[SourceDate "2018.06.28"]
[SourceVersion "1"]
[SourceVersionDate "2018.06.28"]
[SourceQuality "1"]

1. c4 Nf6 2. Nc3 e5 3. Nf3 Nc6 4. d4 exd4 5. Nxd4 Bb4 6. Nxc6 Bxc3+ 7. bxc3 bxc6 8. Bg5 h6 9. Bh4 Qe7 10. e3 g5 11. Bg3 d6 12. Be2 Bf5 13. 0-0 0-0 14. Bd3 Bxd3 15. Qxd3 Rab8 16. f3 c5 17. Rab1 Qe6 18. e4 Rb6 19. Rbe1 Nh5 20. f4 f6 21. fxg5 hxg5 22. h4 Qg4 23. Qf3 Qxf3 24. Rxf3 g4 25. Rd3 Re8 26. Kh2 Kf7 27. Rd5 Kg6 28. Rf1 Rh8 29. Rd2 Rhb8 30. Rff2 Rb1 31. Rfe2 Rc1 0-1

[Event "Copenhagen Challenge"]
[Site "Ballerup"]
[Date "2018.04.26"]
[Round "2"]
[White "Petersen, Flemming Petri"]
[Black "Andersen, Daniel"]
[Result "1/2-1/2"]
[WhiteElo "2078"]
[BlackElo "1810"]
[PlyCount "145"]
[EventDate "2018.04.25"]
[EventType "swiss"]
[EventRounds "9"]
[EventCountry "DEN"]
[SourceTitle "CBM 184 Extra"]
[Source "ChessBase"]
[SourceDate "2018.06.28"]
[SourceVersion "1"]
[SourceVersionDate "2018.06.28"]
[SourceQuality "1"]

1. e4 e6 2. d4 d5 3. e5 c5 4. c3 Nc6 5. Nf3 Bd7 6. Be2 Nge7 7. Na3 Nf5 8. Nc2 cxd4 9. cxd4 Be7 10. 0-0 0-0 11. g4 Nh4 12. Nxh4 Bxh4 13. f4 f6 14. exf6 Bxf6 15. g5 Be7 16. Rf3 Bd6 17. Bd3 g6 18. Be3 Qc7 19. Qd2 e5 20. dxe5 Bxe5 21. Bxg6 hxg6 22. Qxd5+ Kg7 23. fxe5 Rxf3 24. Qxf3 Qxe5 25. Rd1 Bf5 26. Nd4 Be4 27. Nxc6 Bxc6 28. Qf4 Qxf4 29. Bxf4 Re8 30. Kf2 Re7 31. Be3 a6 32. Bd4+ Kf7 33. Kg3 Be4 34. Bf6 Rc7 35. h4 Bf5 36. Re1 Rd7 37. Kf4 Be6 38. a3 Rd2 39. Rc1 Rd7 40. Rc2 Bf5 41. Rh2 Bd3 42. h5 gxh5 43. Rxh5 Bg6 44. Rh2 Rd5 45. Re2 Rd7 46. Bc3 Rc7 47. Rf2 Ke6 48. Ke3 Rf7 49. Bf6 Rd7 50. Kf4 Rc7 51. Re2+ Kf7 52. Bc3 Rd7 53. Bb4 Bb1 54. Rf2 Ke6 55. Ke3 Rf7 56. Rg2 Bg6 57. a4 Rd7 58. Bc3 Rf7 59. Kd4 Rf5 60. Re2+ Kd7 61. Bd2 Rf7 62. Rh2 Rh7 63. Rh6 Rxh6 64. gxh6 Ke6 65. Kc5 Kf7 66. Kb6 Be4 67. b4 Kg6 68. b5 axb5 69. axb5 Kh7 70. Kc7 Bf3 71. b6 Bc6 72. Kd6 Be4 73. Ke5 1/2-1/2